Rolling Stone's 100 Best Songs Of The 2000s - Statistics

General Stats
  • This quiz has been taken 193 times
  • The average score is 52 of 100
Answer Stats
Hint Answer % Correct
Crazy In Love Beyonce ft Jay-Z
99%
Irreplaceable | Single Ladies (Put A Ring On It) Beyonce
97%
Clocks | The Scientist | Viva La Vida | Yellow Coldplay
97%
Lose Yourself Eminem
97%
Stan Eminem ft Dido
97%
Umbrella Rihanna ft Jay-Z
97%
B.O.B | Hey Ya! | Ms Jackson OutKast
96%
American Idiot | Boulevard Of Broken Dreams Green Day
93%
Poker Face Lady Gaga
93%
Back To Black | Rehab Amy Winehouse
92%
Jesus Walks Kanye West
90%
Toxic Britney Spears
89%
In Da Club 50 Cent
88%
99 Problems | Dirt Off Your Shoulder | Izzo (H.O.V.A) Jay-Z
88%
Fell In Love With A Girl | Seven Nation Army The White Stripes
88%
Clint Eastwood | Feel Good Inc Gorillaz
86%
Mr Brightside The Killers
86%
Since U Been Gone Kelly Clarkson
80%
Beautiful Day | Moment Of Surrender | Vertigo U2
76%
One More Time Daft Punk
73%
Crazy Gnarls Barkley
73%
Cry Me A River Justin Timberlake
72%
Drop It Like Its Hot Snoop Dogg
69%
Paper Planes M.I.A
68%
Hurt Johnny Cash
67%
Gold Digger Kanye West ft Jamie Foxx
63%
Hung Up | Music Madonna
63%
Take Me Out Franz Ferdinand
61%
Use Somebody Kings Of Leon
61%
Get Ur Freak On | Work It Missy Elliott
61%
Can't Get You Out Of My Head Kylie Minogue
59%
Are You Gonna Be My Girl? Jet
55%
Fallin' Alicia Keys
54%
Kids | Time To Pretend MGMT
51%
I Bet You Look Good On The Dancefloor Arctic Monkeys
50%
Hard To Explain | Last Nite The Strokes
48%
Get The Party Started P!nk
45%
Ignition (Remix) R.Kelly
44%
Milkshake Kelis
39%
Family Affair Mary J Blige
39%
Everything Is In Its Right Place | Idioteque | Pyramid Song Radiohead
39%
A Milli Lil Wayne
38%
Beautiful Christina Aguilera
36%
Float On Modest Mouse
35%
Maps Yeah Yeah Yeahs
35%
No One Knows Queens Of The Stone Age
34%
Rebellion (Lies) | Wake Up Arcade Fire
25%
All My Friends | Daft Punk Is Playing At My House | Losing My Edge LCD Soundsystem
25%
My City Of Ruins | The Rising Bruce Springsteen
22%
Not Ready To Make Nice Dixie Chicks
22%
Welcome To Jamrock Damian Marley
21%
White Winter Hymnal Fleet Foxes
18%
Try Again Aaliyah
17%
Jesus Etc Wilco
17%
D.A.N.C.E. Justice
16%
Do You Realize? The Flaming Lips
16%
1901 Phoenix
15%
New Slang The Shins
14%
1 Thing Amerie
13%
Untitled (How Does It Feel?) D'Angelo
13%
Standing In The Way Of Control Gossip
10%
The Seed (2.0) The Roots
10%
Wolf Like Me TV On The Radio
10%
Mississippi Bob Dylan
6%
Alcohol Brad Paisley
5%
Lua Bright Eyes
5%
The Rat The Walkmen
5%
L.E.S. Artistes Santigold
4%
Grindin Clipse
3%
House of Jealous Lovers The Rapture
3%
A Few Words In Defense Of Our Country Randy Newman
2%
Roscoe Midlake
1%
Gone Gone Gone (Done Moved On) Robert Plant & Alison Krauss
1%
Stillness Is The Move The Dirty Projectors
1%
Heartbeats The Knife
1%
Such Great Heights The Postal Sevice
0%
No matching quizzes found
Score Distribution
Percent of People with Each Score
Percentile by Number Answered
Your Score History
You have not taken this quiz